[Event "PNWCC Online blitz JP 9th"]
[Site "Chess.com INT"]
[Date "2020.05.09"]
[Round "1"]
[White "Rajanish, Adhvaith"]
[Black "Bosiocic, Marin"]
[Result "0-1"]
[WhiteElo "1850"]
[BlackElo "2625"]
[PlyCount "96"]
[EventDate "2020.05.09"]
[EventType "swiss (blitz)"]
[EventRounds "11"]
[EventCountry "USA"]
[SourceTitle "CBM 196 Extra"]
[Source "ChessBase"]
[SourceDate "2020.07.31"]
[SourceVersion "1"]
[SourceVersionDate "2020.07.31"]
[SourceQuality "1"]

1. e4 d6 2. d4 Nf6 3. Nc3 e5 4. dxe5 dxe5 5. Qxd8+ Kxd8 6. Bg5 c6 7. 0-0-0+ Ke8 8. f3 Be6 9. Kb1 Nbd7 10. Nge2 a5 11. a4 Bb4 12. g3 Nb6 13. h4 Nfd7 14. Bc1 Ke7 15. Bh3 Bxh3 16. Rxh3 Rhd8 17. Rhh1 Nc5 18. b3 Ne6 19. Ka2 Nd7 20. Ba3 Ndc5 21. Bxb4 axb4 22. Nb1 b5 23. Rxd8 Kxd8 24. Rd1+ Kc7 25. f4 bxa4 26. bxa4 Rxa4+ 27. Kb2 exf4 28. Nxf4 Nxf4 29. gxf4 Nxe4 30. Re1 f5 31. Kb3 Nc5+ 32. Kc4 Kb6 33. Re7 b3+ 34. Kc3 bxc2 35. Kxc2 Rxf4 36. Rxg7 Rxh4 37. Nc3 Rh2+ 38. Kb1 f4 39. Rf7 Rf2 40. Rxh7 f3 41. Rf7 Nd3 42. Ne4 Rb2+ 43. Ka1 f2 44. Rf5 Re2 45. Ng3 Re3 46. Rg5 Rxg3 47. Rxg3 f1Q+ 48. Ka2 Qf2+ 0-1

[Event "PNWCC Online blitz JP 9th"]
[Site "Chess.com INT"]
[Date "2020.05.09"]
[Round "7"]
[White "Rajanish, Adhvaith"]
[Black "Mei, Austin"]
[Result "0-1"]
[WhiteElo "1850"]
[BlackElo "1962"]
[PlyCount "90"]
[EventDate "2020.05.09"]
[EventType "swiss (blitz)"]
[EventRounds "11"]
[EventCountry "USA"]
[SourceTitle "CBM 196 Extra"]
[Source "ChessBase"]
[SourceDate "2020.07.31"]
[SourceVersion "1"]
[SourceVersionDate "2020.07.31"]
[SourceQuality "1"]

1. d4 Nf6 2. Nc3 c5 3. d5 e6 4. e4 exd5 5. exd5 g6 6. Nf3 d6 7. Bg5 Bg7 8. Bb5+ Nbd7 9. 0-0 0-0 10. Re1 h6 11. Bf4 Ne8 12. Qd2 Kh7 13. Ne4 Ne5 14. Bxe5 dxe5 15. Bxe8 Rxe8 16. Nxc5 Qb6 17. Na4 Qb5 18. b3 Bg4 19. c4 Qd7 20. Rad1 Rac8 21. Qe3 e4 22. Nd4 Bxd1 23. Rxd1 Qd6 24. Nb5 Qe5 25. Nxa7 Rcd8 26. Nb5 f5 27. c5 f4 28. Qd2 e3 29. fxe3 fxe3 30. Qd3 e2 31. Re1 Rxd5 32. Qf3 Qe3+ 33. Qxe3 Rxe3 34. Kf2 Rde5 35. Nb6 R3e4 36. Nc4 Rf4+ 37. Kg3 Rf1 38. Rxe2 Rxe2 39. Ncd6 Be5+ 40. Kh3 Re3+ 41. g3 Rf2 42. Nxb7 Ree2 43. c6 h5 44. Kh4 Bf6+ 45. Kh3 Rxh2# 0-1

[Event "PNWCC Online blitz JP 9th"]
[Site "Chess.com INT"]
[Date "2020.05.09"]
[Round "4"]
[White "Rajanish, Adhvaith"]
[Black "Yip, Carissa"]
[Result "0-1"]
[WhiteElo "1850"]
[BlackElo "2420"]
[PlyCount "54"]
[EventDate "2020.05.09"]
[EventType "swiss (blitz)"]
[EventRounds "11"]
[EventCountry "USA"]
[SourceTitle "CBM 196 Extra"]
[Source "ChessBase"]
[SourceDate "2020.07.31"]
[SourceVersion "1"]
[SourceVersionDate "2020.07.31"]
[SourceQuality "1"]

1. e4 c5 2. Nf3 d6 3. d4 cxd4 4. Nxd4 Nf6 5. f3 g6 6. c4 Bg7 7. Nc3 0-0 8. Be3 Nc6 9. Qd2 Nxd4 10. Bxd4 Be6 11. 0-0-0 Rc8 12. b3 a6 13. Kb1 Nd7 14. Bxg7 Kxg7 15. h4 h5 16. Be2 Qa5 17. g4 hxg4 18. h5 Rh8 19. hxg6 fxg6 20. fxg4 b5 21. Rxh8 Rxh8 22. cxb5 axb5 23. Bxb5 Ne5 24. Bd3 Rh3 25. Qc2 Bxg4 26. Rd2 Qa3 27. Nd5 Rh1+ 0-1

[Event "PNWCC Online blitz JP 9th"]
[Site "Chess.com INT"]
[Date "2020.05.09"]
[Round "2"]
[White "Saravana, Krishnan P"]
[Black "Rajanish, Adhvaith"]
[Result "1-0"]
[WhiteElo "2312"]
[BlackElo "1850"]
[PlyCount "81"]
[EventDate "2020.05.09"]
[EventType "swiss (blitz)"]
[EventRounds "11"]
[EventCountry "USA"]
[SourceTitle "CBM 196 Extra"]
[Source "ChessBase"]
[SourceDate "2020.07.31"]
[SourceVersion "1"]
[SourceVersionDate "2020.07.31"]
[SourceQuality "1"]

1. e4 c5 2. Nf3 d6 3. Bc4 Nf6 4. Qe2 Nc6 5. c3 g6 6. Bb3 Bg7 7. 0-0 0-0 8. h3 e6 9. d4 cxd4 10. cxd4 d5 11. e5 Ne4 12. Nbd2 Nxd2 13. Bxd2 a5 14. Ba4 Qb6 15. Bc3 Bd7 16. Bc2 Nb4 17. Rfe1 Nxc2 18. Qxc2 Rfc8 19. Qd2 Qd8 20. Rac1 b5 21. a3 Bf8 22. Qf4 Be7 23. Bd2 b4 24. Qh6 Qf8 25. Qf4 bxa3 26. bxa3 Bxa3 27. Ra1 Bb4 28. Be3 Bxe1 29. Nxe1 a4 30. Qh4 h5 31. g4 Qg7 32. Kh2 hxg4 33. Bh6 Qh7 34. hxg4 a3 35. Nf3 a2 36. Kg3 Rc3 37. Rh1 a1Q 38. Rxa1 Rcc8 39. Rh1 Rc3 40. Qf6 Raa3 41. Qd8+ 1-0

[Event "PNWCC Online blitz JP 8th"]
[Site "Chess.com INT"]
[Date "2020.05.02"]
[Round "4"]
[White "Myers, Dominique"]
[Black "Rajanish, Adhvaith"]
[Result "0-1"]
[WhiteElo "1990"]
[BlackElo "1850"]
[PlyCount "136"]
[EventDate "2020.05.02"]
[EventType "swiss (blitz)"]
[EventRounds "11"]
[EventCountry "USA"]
[SourceTitle "CBM 195 Extra"]
[Source "ChessBase"]
[SourceDate "2020.05.31"]
[SourceVersion "1"]
[SourceVersionDate "2020.05.31"]
[SourceQuality "1"]

1. e4 c5 2. Nf3 d6 3. d4 cxd4 4. Nxd4 Nf6 5. Nc3 a6 6. h3 e6 7. g4 h6 8. Bg2 g5 9. 0-0 Nbd7 10. Be3 Ne5 11. Qe2 Bd7 12. a4 Be7 13. Rad1 Qc7 14. f4 gxf4 15. Bxf4 0-0-0 16. Kh1 Rdg8 17. Qe3 Nc4 18. Qc1 e5 19. Nf5 Bxf5 20. exf5 exf4 21. Qxf4 Nxb2 22. Rde1 Re8 23. Qb4 Nc4 24. Rb1 b6 25. Rf4 d5 26. Rxc4 dxc4 27. Qb2 Bc5 28. a5 b5 29. Nxb5 axb5 30. Qxb5 Ne4 31. Qa6+ Kd8 32. Rd1+ Nd6 33. f6 Re6 34. Qa8+ Qc8 35. Qd5 Rhe8 36. Kh2 Rxf6 37. a6 Rfe6 38. a7 Bxa7 39. Kg3 Qc5 40. Qa8+ Qc8 41. Qxa7 Re3+ 42. Kh4 Qc7 43. Qa8+ Kd7 44. Qa4+ Ke7 45. Qa6 Kf8 46. Qxd6+ Qxd6 47. Rxd6 Re2 48. Bd5 Rxc2 49. Rd7 Re7 50. Rd8+ Kg7 51. Rd6 c3 52. Rc6 Rc1 53. Kh5 Re5+ 54. Kh4 Rxd5 55. Rc7 c2 56. Kg3 Rd3+ 57. Kh4 Rxh3+ 58. Kxh3 Rh1+ 59. Kg3 c1Q 60. Re7 Qc3+ 61. Kf4 Rf1+ 62. Ke4 Re1+ 63. Kf5 Qc5+ 64. Kf4 Qxe7 65. g5 Qxg5+ 66. Kf3 Re3+ 67. Kf2 Qg3+ 68. Kf1 Re1# 0-1

[Event "PNWCC Online blitz JP 8th"]
[Site "Chess.com INT"]
[Date "2020.05.02"]
[Round "1"]
[White "Rajanish, Adhvaith"]
[Black "Pichot, Alan"]
[Result "0-1"]
[WhiteElo "1850"]
[BlackElo "2630"]
[PlyCount "50"]
[EventDate "2020.05.02"]
[EventType "swiss (blitz)"]
[EventRounds "11"]
[EventCountry "USA"]
[SourceTitle "CBM 195 Extra"]
[Source "ChessBase"]
[SourceDate "2020.05.31"]
[SourceVersion "1"]
[SourceVersionDate "2020.05.31"]
[SourceQuality "1"]

1. d4 Nf6 2. Nc3 d5 3. Bf4 Bf5 4. e3 e6 5. f3 c5 6. g4 Bg6 7. h4 h5 8. g5 Nfd7 9. Nb5 Na6 10. a3 Qb6 11. Nh3 Rc8 12. c3 Nab8 13. dxc5 Bxc5 14. b4 Bxe3 15. Nd6+ Ke7 16. Nxc8+ Rxc8 17. Bd3 Bxf4 18. Bxg6 Qe3+ 19. Qe2 Bg3+ 20. Kf1 Qxe2+ 21. Kxe2 fxg6 22. Nf2 Bxf2 23. Kxf2 Rxc3 24. Rhc1 Rc4 25. Ke3 Nc6 0-1